00715 2200253 4500001002100000005001700021008004100038020001800079035002400097082001100121090001600132245011600148250001000264260004100274300002300315440002300338500001100361650000900372700002000381700002400401850001500425985000600440999001500446YOGYA-0209000003903220090227025429.0 ind  a979-537-340-4 0010-020900000039032 a332.04 a332.04bLab aLABA atas investasi (LAI) & perencanaan keuangancFranklin Plewa ... [et al.] ; alih bahasa, Soesanto Budidarmo aCet.1 aJakartabElex Media Komputindoc2003 aix, 404 hlmc24 cm aSeri bisnis Barron aIndeks aLaba aPlewa, Franklin aBudidarmo, Soesanto aYOPDYOG[B] a1 a05B0012628